00522 2200205 4500001002100000005001500021008004100036020001800077035002500095041000800120082001100128090001100139100002300150245003900173250001600212260002700228300003400255500000800289650001900297INLIS00000000001683720130516032520 ind  a979-592-292-0 a0010-051300000016837 aind a297.43 a297.43 aSyaikh Adil, Fahmi aRahasia Wanita Dari A Sampai Z c.3 aCetakan : 5 aJakartabPustakac2005 axvi, 159 hlm. : ilus. ;20 cm. a159 aHukum Keluarga